Los usos de las imágenes: estudios sobre la función social del arte y la comunicación visual.
Gespeichert in:
| 1. Verfasser: | |
|---|---|
| Format: | Buch |
| Sprache: | Spanisch |
| Veröffentlicht: |
Londres, Reino Unido :
Phaidon,
2003.
|
| Ausgabe: | Primera edición en español. |
| Schlagworte: | |
| Tags: |
Tag hinzufügen
Keine Tags, Fügen Sie den ersten Tag hinzu!
|
MARC
| LEADER | 00000cam a2200000 a 4500 | ||
|---|---|---|---|
| 001 | UCF1100 | ||
| 003 | CL-VaPUC | ||
| 005 | 20250407202432.0 | ||
| 008 | 120621e20030000UK |||||||||||||||||spa|d | ||
| 999 | |c 348069 |d 348067 | ||
| 020 | |a 9780714861661 | ||
| 040 | |c Pontificia Universidad Católica de Valparaíso | ||
| 082 | 0 | 4 | |a 701.15 GOM 2003 |2 21 |
| 100 | |a Gombrich, Ernst Hans |e autor |9 598146 | ||
| 245 | 1 | 4 | |a Los usos de las imágenes: |b estudios sobre la función social del arte y la comunicación visual. |
| 250 | |a Primera edición en español. | ||
| 260 | |a Londres, Reino Unido : |b Phaidon, |c 2003. | ||
| 300 | |a 304 páginas : |b ilustraciones. | ||
| 500 | |a c.2.-c.3. Instituto Arcos 8-1-2025. | ||
| 583 | |a last modification |c 20120621 10:53:00 |k Rodrigo Vera | ||
| 650 | 0 | |a Psicología del arte |9 265264 | |
| 650 | 0 | |a Simbolismo |9 267046 | |
| 650 | 0 | |a Teoría del arte |9 387638 | |
| 650 | 0 | |a Percepción visual |9 267039 | |
| 942 | |c BK |2 ddc |n 0 | ||
| 945 | |d 20120621 00:00:00 |a dcastane | ||
| 952 | |0 0 |1 0 |2 ddc |4 0 |6 701_150000000000000_GOM_2003 |7 0 |8 A |9 449938 |a BIBART |b BIBART |d 2019-11-22 |i 4876121 |o 701.15 GOM 2003 |p 4876121 |r 2023-01-11 |w 2019-11-22 |y BK |k ART | ||
| 952 | |0 0 |1 0 |2 ddc |4 0 |6 701_150000000000000_GOM_2003 |7 0 |8 A |9 601122 |a BIBINC |b BIBINC |d 2025-03-12 |e Instituto Arcos |i 5665996 |o 701.15 GOM 2003 |p 5665996 |r 2025-03-12 |t 2 |w 2025-03-12 |y BK |k IFP | ||
| 952 | |0 0 |1 0 |2 ddc |4 0 |6 701_150000000000000_GOM_2003 |7 0 |8 A |9 601123 |a BIBINC |b BIBINC |d 2025-03-12 |e Instituto Arcos |i 5665997 |o 701.15 GOM 2003 |p 5665997 |r 2025-03-12 |t 3 |w 2025-03-12 |y BK |k IFP | ||